Statistics for Neighborhoods of Los Angeles Map

Click here to take the quiz!

General Stats

  • This quiz has been taken 44 times
  • The average score is 15 of 80

Answer Stats

Answer % Correct
Hollywood
91%
North {Hollywood}
70%
Venice
65%
Bel-Air
52%
San {Pedro}
48%
{Pacific} Palisades
48%
West{wood}
48%
{Silver} Lake
43%
{China}town
43%
{North} Hills
39%
West {Los} {Angeles}
35%
North{ridge}
35%
{Echo} Park
35%
{Beverly} Crest
35%
West{chester}/{LAX}
30%
Van Nuys
30%
Southeast {Los} {Angeles}
26%
Reseda
26%
South {Los} {Angeles}
26%
{Sherman} Oaks
26%
{Sun} Valley
22%
{Central} City
22%
Watts
22%
{Highland} Park
22%
{Brent}wood
22%
Playa del {Rey}
22%
Los {Feliz}
22%
Playa {Vista}
17%
Mar {Vista}
17%
Wilmington
17%
{Sun}land
17%
Tarzana
17%
{Harbor} City
17%
El {Sereno}
17%
{Eagle} Rock
17%
West {Hills}
17%
{Harbor} Gateway
17%
{Studio} City
13%
{Terminal} Island
13%
{Toluca} Lake
13%
Pico-Union
13%
West {Adams}
13%
West{lake}
13%
{Woodland} Hills
13%
Palms
13%
{Lincoln} Heights
13%
{Central} City East
13%
Chatsworth
13%
Encino
13%
Historic West {Adams}
13%
{Jefferson} Park
13%
{Mission} Hills
9%
{Porter} Ranch
9%
{Boyle} Heights
9%
Pacoima
9%
{Atwater} Village
9%
Crenshaw
9%
{Cypress} Park
9%
{Elysian} Park
9%
Mount {Washington}
9%
{Glassell} Park
9%
{Granada} Hills
9%
Tujunga
9%
{Montecito} Heights
9%
Mid-{Wilshire}
9%
{Hyde} Park
4%
{Shadow} Hills
4%
Winnetka
4%
{Canoga} Park
4%
{Mid}-{City} West
4%
{Mid}-{City}
4%
{Leimert} Park
4%
{Panorama} City
4%
{Lakeview} Terrace
4%
Lake {Balboa}
4%
Sylmar
4%
{Valley} Village
4%
{Valley} Glen
4%
Sawtelle
4%
Arleta
4%

Score Distribution

Percentile by Number Answered

Percent of People with Each Score

Your Score History

You have not taken this quiz